000 01247nam a2200337 i 4500
001 000011757
003 DO-SdBNP
005 20250616140757.0
007 ta
008 091027s1999 dr c 001 0 spa d
020 _a8484009521
040 _aDO-SdBNP
_bspa
_cBNPHU
_erda
041 _aspa
049 _aBNPD
082 4 _a972.93054
_bB142s
_222
100 1 _aBáez de Jiménez, Mayra,
_d1952-
_eautor
_4aut.
_927816
245 1 0 _aSi la mar fuera de tinta... :
_bvivencias de una niña tras la caída de la dictadura trujillista /
_cMayra Báez de Jiménez.
264 4 _aSanto Domingo :
_bEditora Taller,
_c©1999.
300 _a366 páginas :
_bilustraciones, retratos ;
_c23 cm.
336 _atexto
_btxt
_2rdacontent
337 _asin mediación
_bn
_2rdamedia
338 _avolumen
_bnc
_2rdacarrier
500 _aIncluye datos biográficos del autor en las solapas.
500 _aIncluye índice onomástico.
600 1 4 _aBáez de Jiménez, Mayra,
_d1952-
_927817
600 1 0 _aTrujillo Molina, Rafael Leónidas,
_d 1891-1961
_976764
650 7 _aHomicidio político
_zRepública Dominicana
_911383
651 4 _aRepública Dominicana
_xHistoria
_y1961-
_927818
910 _aValidado. Control de calidad MFF
942 _2ddc
_cLBS1
999 _c11432
_d11432